000 00644nam a22001935i 4500
001 157674
003 ES-MaACL
005 20230906210814.0
008 040906s1875 gw |||| | eng d
040 _aCAM
_bspa
_cCAM
100 1 _aLewes, George Henry.
_9128923
245 1 0 _aOn actors and the art of acting /
_cby George Henry Lewes.
260 _aLeipzig :
_bBernhard Tauchnitz,
_c1875.
300 _a279 p. ;
_c16 cm.
490 1 _aCollection of British Authors ;
_v1533
830 0 _aCollection of British Authors ;
_v1533
_9180703
852 _aES-MaACL
_jG-12641
_z-- Enc. hol., conservando la enc. original
999 _c157674
_d157674